| 000 | 00582nam a22001817a 4500 | ||
|---|---|---|---|
| 003 | OSt | ||
| 005 | 20221031174142.0 | ||
| 008 | 221031b |||||||| |||| 00| 0 eng d | ||
| 020 | _a978-85-7710-083-5 | ||
| 040 | _cBiblioteca Lado V | ||
| 082 |
_2708 _aS491p |
||
| 110 |
_aServico Social da Industria _eautor _9267 |
||
| 245 | _aPremio CNI SESI Marcantonio Vilaca para as Artes Plasticas: 2006-2008/ | ||
| 260 |
_aBrasilia _bSESI Departamento Nacional _c2007 |
||
| 300 |
_a108p. _c20x25cm |
||
| 700 |
_aMunro, Will _econcepto |
||
| 942 |
_2ddc _c1 _h708 _iS491p _n0 |
||
| 999 |
_c2441 _d2441 |
||